• 首页
  • 本馆介绍
  • 公告通知
  • 最新文献
  • 馆藏检索
  • 电子资源
  • 读者导购
  • 参考咨询
  • 我的图书馆
  • 登录
  • 详细信息显示
  • 放入我的书架
  • 预约/预借图书
  • 作者相关作品
  • 分类相关作品
  • 丛书相关作品
  • 出版社相关作品

书目信息

  • 表格格式
  • 工作单格式
  • 卡片格式
题名:
未来简史
    
 
作者: 赫拉利 著 ;林俊宏 译
分册:  
出版信息: 北京   中信出版集团股份有限公司  2017.02
页数: 406页
开本: 23cm
丛书名:
单 册:
中图分类: K02-49
科图分类:
主题词: 未来学--通俗读物
电子资源:
ISBN: 978-7-5086-7206-9
000 01111nam0 2200277 450
001 0108153916
005 20210308154404.0
010    @a978-7-5086-7206-9@dCNY68.00
100    @a20210307e20202017em y0chiy50 ea
101 1  @achi@cheb
102    @aCN@b110000
105    @aa z 000yy
106    @ar
200 1  @a未来简史@Awei lai jian shi@dHomo deus: a brief history of tomorrow@e从智人到神人@f(以)尤瓦尔·赫拉利(Yuval Noah Harari)著@g林俊宏译@zeng
210    @a北京@c中信出版集团股份有限公司@d2017.02@h2020.09
215    @a406页@c图@d23cm
305    @a台湾远见天下文化出版股份有限公司授权使用
330    @a本书内容包括:人类的新议题、人类世、人类的特殊之处、说书人、一对冤家、与“现代”的契约、人文主义革命、实验室里的定时炸弹、大分离、意识的海洋等。
510 1  @aHomo deus: a brief history of tomorrow@zeng
517 1  @a从智人到神人@Acong zhi ren dao shen ren
606 0  @a未来学@j通俗读物
690    @aK02-49@v5
701  1 @a赫拉利@Ahe la li@4著@c(以)@c(Harari, Yuval Noah@f1976~)
702  0 @a林俊宏@Alin jun hong@4译
801  0 @aCN@bBJSZM@c20210308
905    @b1273059-62@dG303-49@e253@f4
    
    未来简史=Homo deus: a brief history of tomorrow:从智人到神人/(以)尤瓦尔·赫拉利(Yuval Noah Harari)著/林俊宏译.-北京:中信出版集团股份有限公司,2017.02(2020.09)
    406页:图;23cm
    
    
    ISBN 978-7-5086-7206-9:CNY68.00
    本书内容包括:人类的新议题、人类世、人类的特殊之处、说书人、一对冤家、与“现代”的契约、人文主义革命、实验室里的定时炸弹、大分离、意识的海洋等。
●
相关链接 在E读中查询图书 在五车中查询图书 在当当中查询图书 在豆瓣中查询图书


正题名:未来简史     索取号:G303-49/253         预约/预借

序号 登录号 条形码 馆藏地/架位号 状态 备注
1 1167930   211679307   第一样本阅览室/ [索取号:G303-49/253] 在馆    
2 1167931   211679316   第四借阅区/ [索取号:G303-49/253] 在馆    
3 1167932   211679325   第四借阅区/ [索取号:G303-49/253] 在馆    
4 1167933   211679334   第四借阅区/ [索取号:G303-49/253] 已借出,限还日期为2025.11.08
借出人:刘金玲  
 
5 1273059   212730598   教育系资料室/ [索取号:G303-49/253] 在馆    
6 1273060   212730605   教育系资料室/ [索取号:G303-49/253] 在馆    
7 1273061   212730614   第四借阅区/ [索取号:G303-49/253] 在馆    
8 1273062   212730623   第四借阅区/ [索取号:G303-49/253] 在馆    
唐山师范学院图书馆 欢迎您!
大连网信软件有限公司© 版权所有